Gyermekkori halláscsökkenés
Elmentve itt :
| Szerző: | |
|---|---|
| Dokumentumtípus: | Könyv része |
| Megjelent: |
2010
|
| Sorozat: | Tiszaparti esték
11 Tiszaparti esték : gyermekgyógyászati továbbképző előadások 2009-2010 11 |
| Kulcsszavak: | Fül- orr- gégészet, Fülbetegségek, Hallásromlás, Gyermekgyógyászat |
| Tárgyszavak: | |
| Online Access: | http://acta.bibl.u-szeged.hu/19008 |
| LEADER | 00836naa a2200217 i 4500 | ||
|---|---|---|---|
| 001 | acta19008 | ||
| 005 | 20220321144027.0 | ||
| 008 | 161015s2010 hu o 0|| hun d | ||
| 022 | |a 1588-3515 | ||
| 040 | |a SZTE Egyetemi Kiadványok Repozitórium |b hun | ||
| 041 | |a hun | ||
| 100 | 2 | |a Fekete-Szabó Gabriella | |
| 245 | 1 | 0 | |a Gyermekkori halláscsökkenés |h [elektronikus dokumentum] / |c Fekete-Szabó Gabriella |
| 260 | |c 2010 | ||
| 300 | |a 192-204 | ||
| 490 | 0 | |a Tiszaparti esték |v 11 | |
| 490 | 0 | |a Tiszaparti esték : gyermekgyógyászati továbbképző előadások 2009-2010 |v 11 | |
| 650 | 4 | |a Orvos- és egészségtudomány | |
| 650 | 4 | |a Klinikai orvostan | |
| 695 | |a Fül- orr- gégészet, Fülbetegségek, Hallásromlás, Gyermekgyógyászat | ||
| 856 | 4 | 0 | |u http://acta.bibl.u-szeged.hu/19008/1/tiszaparti_2009_192-204.pdf |z Dokumentum-elérés |